[Event "April 9 Early 2024"]
[Site "Chess.com"]
[Date "2024.04.09"]
[Round "8"]
[White "Bambino Filho, Antonio Carlos"]
[Black "Labussiere, Yago"]
[Result "1-0"]
[Board "139"]
[WhiteFideId "2113163"]
[BlackFideId "2186969"]
[WhiteElo "2542"]
[BlackElo "2399"]
[WhiteTeam "BRA"]
[BlackTeam "BRA"]
[WhiteClock "0:00:12"]
[BlackClock "0:00:00"]
[Variant "Standard"]

1. d4 {[%clk 0:03:00]}  d5 {[%clk 0:02:58]} 2. c4 {[%clk 0:03:01]}  c6 {[%clk 0:02:57]} 3. Nf3 {[%clk 0:03:01]}  Nf6 {[%clk 0:02:56]} 4. e3 {[%clk 0:03:02]}  Bf5 {[%clk 0:02:51]} 5. Nc3 {[%clk 0:03:02]}  e6 {[%clk 0:02:51]} 6. Nh4 {[%clk 0:03:02]}  Bg6 {[%clk 0:02:49]} 7. Qb3 {[%clk 0:03:01]}  Qc8 {[%clk 0:02:43]} 8. Be2 {[%clk 0:02:58]}  Nbd7 {[%clk 0:02:31]} 9. Bd2 {[%clk 0:02:58]}  a6 {[%clk 0:02:31]} 10. Rc1 {[%clk 0:02:48]}  Bd6 {[%clk 0:02:22]} 11. cxd5 {[%clk 0:02:40]}  exd5 {[%clk 0:02:15]} 12. Bf3 {[%clk 0:02:32]}  Qb8 {[%clk 0:01:58]} 13. Nxg6 {[%clk 0:02:26]}  hxg6 {[%clk 0:01:57]} 14. h3 {[%clk 0:02:27]}  O-O {[%clk 0:01:45]} 15. O-O {[%clk 0:02:25]}  Re8 {[%clk 0:01:31]} 16. a4 {[%clk 0:02:26]}  a5 {[%clk 0:01:23]} 17. Rfe1 {[%clk 0:02:18]}  Qa7 {[%clk 0:01:22]} 18. Re2 {[%clk 0:01:51]}  Qb6 {[%clk 0:00:46]} 19. Qxb6 {[%clk 0:01:38]}  Nxb6 {[%clk 0:00:44]} 20. b3 {[%clk 0:01:35]}  Bb4 {[%clk 0:00:42]} 21. Na2 {[%clk 0:01:29]}  Bxd2 {[%clk 0:00:42]} 22. Rxd2 {[%clk 0:01:30]}  Nc8 {[%clk 0:00:40]} 23. Rb2 {[%clk 0:01:26]}  Nd6 {[%clk 0:00:41]} 24. Nc3 {[%clk 0:01:19]}  Ra6 {[%clk 0:00:31]} 25. Rcb1 {[%clk 0:01:12]}  Rea8 {[%clk 0:00:29]} 26. Be2 {[%clk 0:01:11]}  Rb6 {[%clk 0:00:28]} 27. b4 {[%clk 0:01:09]}  axb4 {[%clk 0:00:27]} 28. Rxb4 {[%clk 0:01:09]}  Rxb4 {[%clk 0:00:26]} 29. Rxb4 {[%clk 0:01:10]}  Kf8 {[%clk 0:00:24]} 30. Bd3 {[%clk 0:01:10]}  Ke7 {[%clk 0:00:23]} 31. f3 {[%clk 0:01:10]}  Nd7 {[%clk 0:00:13]} 32. e4 {[%clk 0:01:09]}  dxe4 {[%clk 0:00:13]} 33. fxe4 {[%clk 0:01:10]}  Ra7 {[%clk 0:00:13]} 34. e5 {[%clk 0:01:07]}  Ne8 {[%clk 0:00:13]} 35. Be4 {[%clk 0:00:58]}  Nc7 {[%clk 0:00:11]} 36. Kf2 {[%clk 0:00:52]}  g5 {[%clk 0:00:11]} 37. Ke3 {[%clk 0:00:52]}  f6 {[%clk 0:00:09]} 38. exf6+ {[%clk 0:00:43]}  gxf6 {[%clk 0:00:08]} 39. Kd3 {[%clk 0:00:43]}  Kd6 {[%clk 0:00:08]} 40. Bf3 {[%clk 0:00:40]}  f5 {[%clk 0:00:07]} 41. g4 {[%clk 0:00:30]}  fxg4 {[%clk 0:00:05]} 42. hxg4 {[%clk 0:00:31]}  Nf6 {[%clk 0:00:05]} 43. Rb1 {[%clk 0:00:22]}  Ne6 {[%clk 0:00:05]} 44. Re1 {[%clk 0:00:20]}  Nf4+ {[%clk 0:00:04]} 45. Kc4 {[%clk 0:00:21]}  Ra8 {[%clk 0:00:05]} 46. Rh1 {[%clk 0:00:16]}  Ke7 {[%clk 0:00:02]} 47. Rh6 {[%clk 0:00:15]}  Kf7 {[%clk 0:00:03]} 48. Be4 {[%clk 0:00:14]}  Kg7 {[%clk 0:00:03]} 49. Rh1 {[%clk 0:00:13]}  Re8 {[%clk 0:00:04]} 50. Bf5 {[%clk 0:00:13]}  Re7 {[%clk 0:00:03]} 51. Rb1 {[%clk 0:00:13]}  Rc7 {[%clk 0:00:02]} 52. Kc5 {[%clk 0:00:13]}  Nd7+ {[%clk 0:00:00]} 53. Kd6 {[%clk 0:00:12]} 1-0

[Event "April 9 Early 2024"]
[Site "Chess.com"]
[Date "2024.04.09"]
[Round "8"]
[White "Smietanska, Wiktoria"]
[Black "Valle Luis, Leo"]
[Result "1-0"]
[Board "144"]
[WhiteFideId "21869359"]
[BlackFideId "54577187"]
[WhiteTitle "CM"]
[BlackTitle "FM"]
[WhiteElo "2362"]
[BlackElo "2534"]
[WhiteTeam "POL"]
[BlackTeam "ESP"]
[WhiteClock "0:00:06"]
[BlackClock "0:00:07"]
[Variant "Standard"]

1. c4 {[%clk 0:03:00]}  e5 {[%clk 0:02:58]} 2. Nc3 {[%clk 0:03:00]}  Nf6 {[%clk 0:02:57]} 3. Nf3 {[%clk 0:02:59]}  Nc6 {[%clk 0:02:55]} 4. e4 {[%clk 0:02:59]}  Bb4 {[%clk 0:02:54]} 5. d3 {[%clk 0:02:59]}  d6 {[%clk 0:02:53]} 6. a3 {[%clk 0:02:58]}  Bc5 {[%clk 0:02:46]} 7. b4 {[%clk 0:02:57]}  Bb6 {[%clk 0:02:47]} 8. Na4 {[%clk 0:02:57]}  O-O {[%clk 0:02:45]} 9. Nxb6 {[%clk 0:02:56]}  axb6 {[%clk 0:02:44]} 10. Bb2 {[%clk 0:02:56]}  Re8 {[%clk 0:02:40]} 11. g3 {[%clk 0:02:56]}  Bg4 {[%clk 0:02:40]} 12. Bg2 {[%clk 0:02:56]}  Qd7 {[%clk 0:02:40]} 13. h3 {[%clk 0:02:56]}  Be6 {[%clk 0:02:40]} 14. Ng5 {[%clk 0:02:53]}  Nd8 {[%clk 0:02:32]} 15. O-O {[%clk 0:02:52]}  h6 {[%clk 0:02:31]} 16. Nxe6 {[%clk 0:02:52]}  Nxe6 {[%clk 0:02:32]} 17. f4 {[%clk 0:02:51]}  Nf8 {[%clk 0:02:25]} 18. Qf3 {[%clk 0:02:30]}  c6 {[%clk 0:02:18]} 19. g4 {[%clk 0:02:28]}  Qe7 {[%clk 0:01:42]} 20. g5 {[%clk 0:02:25]}  hxg5 {[%clk 0:01:31]} 21. fxg5 {[%clk 0:02:26]}  N6h7 {[%clk 0:01:31]} 22. h4 {[%clk 0:02:26]}  Ng6 {[%clk 0:01:31]} 23. Qg3 {[%clk 0:02:20]}  Nf4 {[%clk 0:01:28]} 24. Rf2 {[%clk 0:02:05]}  Nf8 {[%clk 0:01:18]} 25. Bc1 {[%clk 0:01:59]}  N8e6 {[%clk 0:01:18]} 26. Bh3 {[%clk 0:01:57]}  Nh5 {[%clk 0:01:16]} 27. Qf3 {[%clk 0:01:50]}  Nef4 {[%clk 0:01:09]} 28. Bg4 {[%clk 0:01:49]}  g6 {[%clk 0:01:09]} 29. Bxh5 {[%clk 0:01:45]}  Nxh5 {[%clk 0:01:10]} 30. Be3 {[%clk 0:01:40]}  c5 {[%clk 0:01:10]} 31. bxc5 {[%clk 0:01:35]}  dxc5 {[%clk 0:01:11]} 32. Bd2 {[%clk 0:01:29]}  Rad8 {[%clk 0:01:08]} 33. Raf1 {[%clk 0:01:25]}  Rd7 {[%clk 0:00:58]} 34. Qh3 {[%clk 0:00:52]}  Qe6 {[%clk 0:00:56]} 35. Qxe6 {[%clk 0:00:48]}  Rxe6 {[%clk 0:00:57]} 36. Rf3 {[%clk 0:00:42]}  Red6 {[%clk 0:00:55]} 37. Bc3 {[%clk 0:00:41]}  Re7 {[%clk 0:00:37]} 38. Rd1 {[%clk 0:00:33]}  Ree6 {[%clk 0:00:23]} 39. Kf2 {[%clk 0:00:32]}  Rd7 {[%clk 0:00:23]} 40. Ke3 {[%clk 0:00:31]}  Kf8 {[%clk 0:00:19]} 41. a4 {[%clk 0:00:30]}  Ke8 {[%clk 0:00:18]} 42. a5 {[%clk 0:00:30]}  bxa5 {[%clk 0:00:19]} 43. Bxa5 {[%clk 0:00:30]}  b6 {[%clk 0:00:19]} 44. Bc3 {[%clk 0:00:29]}  Nf4 {[%clk 0:00:19]} 45. Bxe5 {[%clk 0:00:16]}  Rxd3+ {[%clk 0:00:15]} 46. Rxd3 {[%clk 0:00:16]}  Nxd3 {[%clk 0:00:15]} 47. Kxd3 {[%clk 0:00:16]}  Rxe5 {[%clk 0:00:16]} 48. Rf6 {[%clk 0:00:16]}  Re6 {[%clk 0:00:15]} 49. Rxe6+ {[%clk 0:00:14]}  fxe6 {[%clk 0:00:16]} 50. Kc3 {[%clk 0:00:14]}  Kd7 {[%clk 0:00:17]} 51. Kb3 {[%clk 0:00:12]}  Kd6 {[%clk 0:00:13]} 52. Ka4 {[%clk 0:00:06]}  Ke5 {[%clk 0:00:14]} 53. Kb5 {[%clk 0:00:06]}  Kxe4 {[%clk 0:00:14]} 54. Kxb6 {[%clk 0:00:06]}  Kd4 {[%clk 0:00:11]} 55. h5 {[%clk 0:00:05]}  e5 {[%clk 0:00:02]} 56. h6 {[%clk 0:00:05]}  e4 {[%clk 0:00:03]} 57. h7 {[%clk 0:00:06]}  e3 {[%clk 0:00:04]} 58. h8=Q+ {[%clk 0:00:06]}  Kd3 {[%clk 0:00:05]} 59. Qh1 {[%clk 0:00:06]}  e2 {[%clk 0:00:05]} 60. Qe1 {[%clk 0:00:06]}  Ke3 {[%clk 0:00:06]} 61. Kxc5 {[%clk 0:00:06]}  Kf3 {[%clk 0:00:07]} 62. Kd5 {[%clk 0:00:06]} 1-0

[Event "April 9 Early 2024"]
[Site "Chess.com"]
[Date "2024.04.09"]
[Round "8"]
[White "Le Goff, Ronan"]
[Black "Palacio,Igor Da Paz"]
[Result "0-1"]
[Board "148"]
[WhiteFideId "612073"]
[BlackFideId "2121140"]
[WhiteTitle "FM"]
[WhiteElo "2521"]
[BlackElo "2321"]
[WhiteTeam "FRA"]
[BlackTeam "BRA"]
[WhiteClock "0:00:34"]
[BlackClock "0:00:03"]
[Variant "Standard"]

1. d4 {[%clk 0:02:55]}  Nf6 {[%clk 0:02:59]} 2. Nf3 {[%clk 0:02:54]}  g6 {[%clk 0:03:00]} 3. Bf4 {[%clk 0:02:54]}  Bg7 {[%clk 0:02:57]} 4. Nc3 {[%clk 0:02:54]}  d6 {[%clk 0:02:55]} 5. e4 {[%clk 0:02:53]}  c6 {[%clk 0:02:55]} 6. h3 {[%clk 0:02:53]}  b5 {[%clk 0:02:48]} 7. e5 {[%clk 0:02:51]}  Nh5 {[%clk 0:02:39]} 8. Bh2 {[%clk 0:02:50]}  Bh6 {[%clk 0:02:38]} 9. exd6 {[%clk 0:02:46]}  exd6 {[%clk 0:02:37]} 10. Qe2+ {[%clk 0:02:46]}  Kf8 {[%clk 0:02:29]} 11. g4 {[%clk 0:02:40]}  Nf4 {[%clk 0:02:25]} 12. Qe4 {[%clk 0:02:38]}  f5 {[%clk 0:01:56]} 13. Qe3 {[%clk 0:02:15]}  Ng2+ {[%clk 0:01:51]} 14. Bxg2 {[%clk 0:02:15]}  Bxe3 {[%clk 0:01:52]} 15. fxe3 {[%clk 0:02:15]}  fxg4 {[%clk 0:01:50]} 16. Nd2 {[%clk 0:02:14]}  gxh3 {[%clk 0:01:41]} 17. O-O+ {[%clk 0:02:06]}  Kg7 {[%clk 0:01:40]} 18. Bf3 {[%clk 0:02:00]}  a6 {[%clk 0:01:35]} 19. Nde4 {[%clk 0:01:49]}  d5 {[%clk 0:01:29]} 20. Be5+ {[%clk 0:01:47]}  Kh6 {[%clk 0:01:20]} 21. Bf4+ {[%clk 0:01:41]}  Kg7 {[%clk 0:01:20]} 22. Be5+ {[%clk 0:01:41]}  Kh6 {[%clk 0:01:17]} 23. Bf4+ {[%clk 0:01:39]}  Kg7 {[%clk 0:01:13]} 24. Nc5 {[%clk 0:01:33]}  Re8 {[%clk 0:00:59]} 25. Kh2 {[%clk 0:01:24]}  Nd7 {[%clk 0:00:52]} 26. Nd3 {[%clk 0:01:24]}  h6 {[%clk 0:00:35]} 27. Rg1 {[%clk 0:01:23]}  g5 {[%clk 0:00:35]} 28. Bh5 {[%clk 0:01:22]}  Rf8 {[%clk 0:00:33]} 29. Ne5 {[%clk 0:01:17]}  Nxe5 {[%clk 0:00:29]} 30. Bxe5+ {[%clk 0:01:18]}  Kh7 {[%clk 0:00:29]} 31. Raf1 {[%clk 0:01:17]}  Be6 {[%clk 0:00:26]} 32. Ne2 {[%clk 0:01:14]}  Qe7 {[%clk 0:00:22]} 33. Ng3 {[%clk 0:01:09]}  Rxf1 {[%clk 0:00:22]} 34. Nxf1 {[%clk 0:01:08]}  Rf8 {[%clk 0:00:22]} 35. Bg3 {[%clk 0:01:05]}  Rf6 {[%clk 0:00:15]} 36. Nd2 {[%clk 0:01:03]}  Bf7 {[%clk 0:00:13]} 37. Be2 {[%clk 0:01:00]}  Qxe3 {[%clk 0:00:13]} 38. Bd3+ {[%clk 0:01:00]}  Bg6 {[%clk 0:00:12]} 39. Nf1 {[%clk 0:00:59]}  Rxf1 {[%clk 0:00:06]} 40. Bxf1 {[%clk 0:00:56]}  Bxc2 {[%clk 0:00:04]} 41. Bxh3 {[%clk 0:00:55]}  Be4 {[%clk 0:00:03]} 42. Re1 {[%clk 0:00:52]}  Qd2+ {[%clk 0:00:04]} 43. Kg1 {[%clk 0:00:53]}  Kg6 {[%clk 0:00:04]} 44. Bf1 {[%clk 0:00:50]}  h5 {[%clk 0:00:04]} 45. Bf2 {[%clk 0:00:50]}  Qf4 {[%clk 0:00:03]} 46. Re3 {[%clk 0:00:49]}  Qg4+ {[%clk 0:00:03]} 47. Rg3 {[%clk 0:00:49]}  Qf4 {[%clk 0:00:04]} 48. Be2 {[%clk 0:00:46]}  g4 {[%clk 0:00:04]} 49. Re3 {[%clk 0:00:45]}  Kf5 {[%clk 0:00:04]} 50. Rg3 {[%clk 0:00:45]}  Qc1+ {[%clk 0:00:03]} 51. Bf1 {[%clk 0:00:43]}  Bf3 {[%clk 0:00:03]} 52. Kh2 {[%clk 0:00:38]}  h4 {[%clk 0:00:04]} 53. Be3 {[%clk 0:00:33]}  Qxe3 {[%clk 0:00:03]} 54. Rg1 {[%clk 0:00:33]}  Qf4+ {[%clk 0:00:03]} 55. Rg3 {[%clk 0:00:34]}  Qxg3# {[%clk 0:00:03]} 0-1

[Event "April 9 Early 2024"]
[Site "Chess.com"]
[Date "2024.04.09"]
[Round "8"]
[White "Rohwer, Paul"]
[Black "Karwowski, Kacper"]
[Result "0-1"]
[Board "150"]
[WhiteFideId "2007827"]
[BlackFideId "1126032"]
[BlackTitle "CM"]
[WhiteElo "2316"]
[BlackElo "2517"]
[WhiteTeam "USA"]
[BlackTeam "POL"]
[WhiteClock "0:00:02"]
[BlackClock "0:00:10"]
[Variant "Standard"]

1. e4 {[%clk 0:02:59]}  d6 {[%clk 0:02:53]} 2. Nc3 {[%clk 0:02:57]}  c5 {[%clk 0:02:45]} 3. Be2 {[%clk 0:02:55]}  Nc6 {[%clk 0:02:37]} 4. f4 {[%clk 0:02:56]}  g6 {[%clk 0:02:30]} 5. Nf3 {[%clk 0:02:56]}  Bg7 {[%clk 0:02:30]} 6. O-O {[%clk 0:02:56]}  e6 {[%clk 0:02:22]} 7. d3 {[%clk 0:02:51]}  Rb8 {[%clk 0:02:20]} 8. f5 {[%clk 0:02:35]}  exf5 {[%clk 0:02:09]} 9. Nd5 {[%clk 0:02:34]}  Nge7 {[%clk 0:02:01]} 10. Bg5 {[%clk 0:02:32]}  Qd7 {[%clk 0:01:47]} 11. Nf6+ {[%clk 0:02:19]}  Bxf6 {[%clk 0:01:47]} 12. Bxf6 {[%clk 0:02:19]}  Rg8 {[%clk 0:01:28]} 13. Ng5 {[%clk 0:02:19]}  h6 {[%clk 0:01:24]} 14. Nh7 {[%clk 0:02:09]}  Qe6 {[%clk 0:01:19]} 15. exf5 {[%clk 0:01:57]}  Nxf5 {[%clk 0:01:19]} 16. Bg4 {[%clk 0:01:50]}  Kd7 {[%clk 0:01:04]} 17. Re1 {[%clk 0:01:43]}  Ne5 {[%clk 0:01:04]} 18. c3 {[%clk 0:01:30]}  h5 {[%clk 0:00:48]} 19. d4 {[%clk 0:01:17]}  hxg4 {[%clk 0:00:45]} 20. dxe5 {[%clk 0:01:14]}  Kc6 {[%clk 0:00:27]} 21. c4 {[%clk 0:00:52]}  b5 {[%clk 0:00:20]} 22. Ng5 {[%clk 0:00:29]}  Qd7 {[%clk 0:00:20]} 23. Qd5+ {[%clk 0:00:24]}  Kb6 {[%clk 0:00:21]} 24. exd6 {[%clk 0:00:19]}  Bb7 {[%clk 0:00:21]} 25. Qe5 {[%clk 0:00:15]}  Qc6 {[%clk 0:00:19]} 26. Qe2 {[%clk 0:00:12]}  Rge8 {[%clk 0:00:18]} 27. Qf2 {[%clk 0:00:12]}  b4 {[%clk 0:00:12]} 28. a3 {[%clk 0:00:13]}  b3 {[%clk 0:00:11]} 29. a4 {[%clk 0:00:13]}  a5 {[%clk 0:00:11]} 30. Nxf7 {[%clk 0:00:12]}  Rf8 {[%clk 0:00:11]} 31. Ne5 {[%clk 0:00:13]}  Qxd6 {[%clk 0:00:09]} 32. Bg5 {[%clk 0:00:12]}  Nd4 {[%clk 0:00:08]} 33. Bf4 {[%clk 0:00:12]}  g5 {[%clk 0:00:07]} 34. Nd7+ {[%clk 0:00:10]}  Qxd7 {[%clk 0:00:07]} 35. Qe3 {[%clk 0:00:08]}  gxf4 {[%clk 0:00:07]} 36. Qe5 {[%clk 0:00:07]}  Qc6 {[%clk 0:00:07]} 37. Re2 {[%clk 0:00:05]}  Nxe2+ {[%clk 0:00:07]} 38. Qxe2 {[%clk 0:00:06]}  Qxg2+ {[%clk 0:00:07]} 39. Qxg2 {[%clk 0:00:06]}  Bxg2 {[%clk 0:00:08]} 40. Kxg2 {[%clk 0:00:06]}  Rbd8 {[%clk 0:00:09]} 41. Re1 {[%clk 0:00:06]}  Rd2+ {[%clk 0:00:09]} 42. Kg1 {[%clk 0:00:06]}  Rf6 {[%clk 0:00:10]} 43. Rb1 {[%clk 0:00:05]}  f3 {[%clk 0:00:10]} 44. Kf1 {[%clk 0:00:05]}  Rxh2 {[%clk 0:00:09]} 45. Kg1 {[%clk 0:00:06]}  Rg2+ {[%clk 0:00:09]} 46. Kf1 {[%clk 0:00:02]}  Rh6 {[%clk 0:00:10]} 0-1

[Event "April 9 Early 2024"]
[Site "Chess.com"]
[Date "2024.04.09"]
[Round "8"]
[White "Lauda, Alexandr"]
[Black "Jovic, Stanoje"]
[Result "0-1"]
[Board "151"]
[WhiteFideId "13903179"]
[BlackFideId "905020"]
[WhiteTitle "CM"]
[BlackTitle "FM"]
[WhiteElo "2310"]
[BlackElo "2514"]
[WhiteTeam "MDA"]
[BlackTeam "SRB"]
[WhiteClock "0:00:08"]
[BlackClock "0:00:32"]
[Variant "Standard"]

1. e4 {[%clk 0:03:00]}  c6 {[%clk 0:02:58]} 2. d4 {[%clk 0:02:59]}  d5 {[%clk 0:02:58]} 3. exd5 {[%clk 0:03:00]}  cxd5 {[%clk 0:02:58]} 4. c4 {[%clk 0:03:01]}  Nf6 {[%clk 0:02:57]} 5. Nc3 {[%clk 0:03:01]}  Nc6 {[%clk 0:02:57]} 6. Nf3 {[%clk 0:03:00]}  Bg4 {[%clk 0:02:57]} 7. cxd5 {[%clk 0:02:59]}  Nxd5 {[%clk 0:02:57]} 8. Qb3 {[%clk 0:02:59]}  Bxf3 {[%clk 0:02:56]} 9. gxf3 {[%clk 0:03:00]}  Nb6 {[%clk 0:02:56]} 10. d5 {[%clk 0:02:57]}  Nd4 {[%clk 0:02:56]} 11. Qd1 {[%clk 0:02:56]}  e5 {[%clk 0:02:55]} 12. dxe6 {[%clk 0:02:56]}  Bc5 {[%clk 0:02:51]} 13. exf7+ {[%clk 0:02:50]}  Kxf7 {[%clk 0:02:51]} 14. Be3 {[%clk 0:02:50]}  Re8 {[%clk 0:02:49]} 15. Bd3 {[%clk 0:02:36]}  Qh4 {[%clk 0:02:40]} 16. Ne4 {[%clk 0:01:33]}  Rad8 {[%clk 0:02:23]} 17. O-O {[%clk 0:01:26]}  Bd6 {[%clk 0:02:00]} 18. Nxd6+ {[%clk 0:01:15]}  Rxd6 {[%clk 0:01:54]} 19. Be4 {[%clk 0:01:01]}  Red8 {[%clk 0:01:28]} 20. Bxd4 {[%clk 0:00:58]}  Rxd4 {[%clk 0:01:28]} 21. Qb3+ {[%clk 0:00:58]}  Kf8 {[%clk 0:01:24]} 22. Rad1 {[%clk 0:00:53]}  Qg5+ {[%clk 0:01:17]} 23. Kh1 {[%clk 0:00:52]}  Qf6 {[%clk 0:01:07]} 24. Rxd4 {[%clk 0:00:13]}  Qxd4 {[%clk 0:00:58]} 25. Bxh7 {[%clk 0:00:12]}  Nc4 {[%clk 0:00:50]} 26. Qb4+ {[%clk 0:00:11]}  Kf7 {[%clk 0:00:42]} 27. Qxb7+ {[%clk 0:00:09]}  Rd7 {[%clk 0:00:42]} 28. Qe4 {[%clk 0:00:09]}  Qxe4 {[%clk 0:00:37]} 29. Bxe4 {[%clk 0:00:09]}  Nxb2 {[%clk 0:00:36]} 30. Rb1 {[%clk 0:00:08]}  Rd2 {[%clk 0:00:35]} 31. Kg2 {[%clk 0:00:08]}  a5 {[%clk 0:00:35]} 32. Kg3 {[%clk 0:00:08]}  Kf6 {[%clk 0:00:34]} 33. Kf4 {[%clk 0:00:08]}  g5+ {[%clk 0:00:32]} 34. Ke3 {[%clk 0:00:08]}  Nc4# {[%clk 0:00:32]} 0-1

[Event "April 9 Early 2024"]
[Site "Chess.com"]
[Date "2024.04.09"]
[Round "8"]
[White "Kopczynski, Michal"]
[Black "Ghosh, Chanchal Kumer"]
[Result "1-0"]
[Board "156"]
[WhiteFideId "1124200"]
[BlackFideId "10201858"]
[WhiteTitle "CM"]
[BlackTitle "CM"]
[WhiteElo "2496"]
[BlackElo "2274"]
[WhiteTeam "POL"]
[BlackTeam "BAN"]
[WhiteClock "0:00:10"]
[BlackClock "0:00:01"]
[Variant "Standard"]

1. e4 {[%clk 0:03:00]}  c5 {[%clk 0:02:59]} 2. d4 {[%clk 0:03:00]}  cxd4 {[%clk 0:02:57]} 3. c3 {[%clk 0:03:01]}  dxc3 {[%clk 0:02:56]} 4. Nxc3 {[%clk 0:03:02]}  d6 {[%clk 0:02:56]} 5. f4 {[%clk 0:03:02]}  a6 {[%clk 0:02:57]} 6. Nf3 {[%clk 0:03:03]}  e6 {[%clk 0:02:57]} 7. Bd3 {[%clk 0:03:02]}  Nf6 {[%clk 0:02:57]} 8. O-O {[%clk 0:03:02]}  Be7 {[%clk 0:02:57]} 9. Kh1 {[%clk 0:03:03]}  Qc7 {[%clk 0:02:57]} 10. Qe1 {[%clk 0:03:03]}  Nbd7 {[%clk 0:02:57]} 11. Be3 {[%clk 0:03:03]}  b5 {[%clk 0:02:57]} 12. Rc1 {[%clk 0:03:02]}  Qb8 {[%clk 0:02:55]} 13. Qg3 {[%clk 0:02:59]}  O-O {[%clk 0:02:53]} 14. e5 {[%clk 0:02:58]}  Nh5 {[%clk 0:02:47]} 15. Qh3 {[%clk 0:02:55]}  g6 {[%clk 0:02:42]} 16. g4 {[%clk 0:02:43]}  Ng7 {[%clk 0:02:42]} 17. exd6 {[%clk 0:02:41]}  Bxd6 {[%clk 0:02:42]} 18. Ng5 {[%clk 0:02:36]}  h5 {[%clk 0:02:34]} 19. Nce4 {[%clk 0:02:30]}  Bb7 {[%clk 0:02:25]} 20. Kg1 {[%clk 0:02:30]}  f5 {[%clk 0:02:09]} 21. Nxd6 {[%clk 0:02:08]}  Qxd6 {[%clk 0:02:08]} 22. Rfd1 {[%clk 0:02:07]}  Rac8 {[%clk 0:01:52]} 23. Bc4 {[%clk 0:01:37]}  Qe7 {[%clk 0:01:37]} 24. gxh5 {[%clk 0:01:36]}  gxh5 {[%clk 0:01:26]} 25. Bb3 {[%clk 0:01:32]}  Rxc1 {[%clk 0:01:23]} 26. Rxc1 {[%clk 0:01:30]}  Qd6 {[%clk 0:01:14]} 27. Qg3 {[%clk 0:01:08]}  Kh8 {[%clk 0:00:55]} 28. Qf2 {[%clk 0:00:59]}  Nf6 {[%clk 0:00:49]} 29. Bd4 {[%clk 0:00:49]}  Ng4 {[%clk 0:00:21]} 30. Bxg7+ {[%clk 0:00:24]}  Kxg7 {[%clk 0:00:21]} 31. Nxe6+ {[%clk 0:00:19]}  Kh6 {[%clk 0:00:22]} 32. Qc5 {[%clk 0:00:17]}  Qxc5+ {[%clk 0:00:10]} 33. Rxc5 {[%clk 0:00:18]}  Re8 {[%clk 0:00:09]} 34. h3 {[%clk 0:00:17]}  Ne3 {[%clk 0:00:08]} 35. Rc7 {[%clk 0:00:16]}  Bd5 {[%clk 0:00:06]} 36. Ng7 {[%clk 0:00:12]}  Bxb3 {[%clk 0:00:06]} 37. Nxe8 {[%clk 0:00:10]}  Bxa2 {[%clk 0:00:06]} 38. Rc6+ {[%clk 0:00:10]}  Kh7 {[%clk 0:00:05]} 39. Nf6+ {[%clk 0:00:10]}  Kg6 {[%clk 0:00:05]} 40. Nd5+ {[%clk 0:00:09]}  Kf7 {[%clk 0:00:06]} 41. Nxe3 {[%clk 0:00:09]}  a5 {[%clk 0:00:06]} 42. Nxf5 {[%clk 0:00:09]}  a4 {[%clk 0:00:06]} 43. Nd6+ {[%clk 0:00:09]}  Ke6 {[%clk 0:00:06]} 44. Nxb5+ {[%clk 0:00:10]}  Kd5 {[%clk 0:00:05]} 45. Ra6 {[%clk 0:00:10]}  Kc5 {[%clk 0:00:04]} 46. Rxa4 {[%clk 0:00:09]}  Bb3 {[%clk 0:00:04]} 47. Ra3 {[%clk 0:00:09]}  Bc4 {[%clk 0:00:04]} 48. Nc3 {[%clk 0:00:09]}  Kd4 {[%clk 0:00:02]} 49. Ra4 {[%clk 0:00:10]}  Kd3 {[%clk 0:00:03]} 50. Rxc4 {[%clk 0:00:09]}  Kxc4 {[%clk 0:00:01]} 51. Kf2 {[%clk 0:00:10]} 1-0

[Event "April 9 Early 2024"]
[Site "Chess.com"]
[Date "2024.04.10"]
[Round "8"]
[White "Adam, Ernestina"]
[Black "Filindash, Nikita"]
[Result "1-0"]
[Board "157"]
[WhiteFideId "165883"]
[BlackFideId "34159983"]
[WhiteTitle "WFM"]
[BlackTitle "CM"]
[WhiteElo "2263"]
[BlackElo "2489"]
[WhiteTeam "ARG"]
[BlackTeam "CZE"]
[WhiteClock "0:01:27"]
[BlackClock "0:01:21"]
[Variant "Standard"]

1. e4 {[%clk 0:03:00]}  c5 {[%clk 0:02:50]} 2. Nf3 {[%clk 0:03:00]}  d6 {[%clk 0:02:50]} 3. d4 {[%clk 0:03:00]}  cxd4 {[%clk 0:02:51]} 4. Nxd4 {[%clk 0:03:01]}  Nf6 {[%clk 0:02:47]} 5. Nc3 {[%clk 0:03:01]}  a6 {[%clk 0:02:47]} 6. h3 {[%clk 0:03:02]}  e6 {[%clk 0:02:40]} 7. a4 {[%clk 0:02:55]}  h6 {[%clk 0:02:28]} 8. Be3 {[%clk 0:02:55]}  Be7 {[%clk 0:02:27]} 9. g4 {[%clk 0:02:52]}  Nbd7 {[%clk 0:02:25]} 10. Bg2 {[%clk 0:02:50]}  Nc5 {[%clk 0:02:21]} 11. O-O {[%clk 0:02:47]}  O-O {[%clk 0:02:19]} 12. a5 {[%clk 0:02:47]}  Nh7 {[%clk 0:02:16]} 13. b4 {[%clk 0:02:39]}  Nd7 {[%clk 0:02:15]} 14. Na4 {[%clk 0:02:29]}  Nhf6 {[%clk 0:02:08]} 15. c4 {[%clk 0:02:27]}  Qc7 {[%clk 0:02:06]} 16. Qe2 {[%clk 0:02:21]}  b6 {[%clk 0:01:58]} 17. axb6 {[%clk 0:02:16]}  Nxb6 {[%clk 0:01:59]} 18. Nxb6 {[%clk 0:02:16]}  Qxb6 {[%clk 0:01:59]} 19. Nxe6 {[%clk 0:02:13]}  Qxb4 {[%clk 0:01:55]} 20. Nxf8 {[%clk 0:02:12]}  Kxf8 {[%clk 0:01:55]} 21. e5 {[%clk 0:02:13]}  Bb7 {[%clk 0:01:51]} 22. Bxb7 {[%clk 0:02:11]}  Qxb7 {[%clk 0:01:51]} 23. exf6 {[%clk 0:02:11]}  Bxf6 {[%clk 0:01:52]} 24. Rab1 {[%clk 0:02:09]}  Qe4 {[%clk 0:01:53]} 25. Rfd1 {[%clk 0:01:56]}  Re8 {[%clk 0:01:49]} 26. Qd3 {[%clk 0:01:51]}  Qf3 {[%clk 0:01:46]} 27. Qxd6+ {[%clk 0:01:50]}  Kg8 {[%clk 0:01:47]} 28. Rb8 {[%clk 0:01:42]}  Rxb8 {[%clk 0:01:35]} 29. Qxb8+ {[%clk 0:01:41]}  Kh7 {[%clk 0:01:36]} 30. Qb1+ {[%clk 0:01:38]}  g6 {[%clk 0:01:35]} 31. Rd7 {[%clk 0:01:37]}  Kg7 {[%clk 0:01:31]} 32. Qb7 {[%clk 0:01:30]}  Qxb7 {[%clk 0:01:18]} 33. Rxb7 {[%clk 0:01:29]}  a5 {[%clk 0:01:19]} 34. c5 {[%clk 0:01:28]}  Bc3 {[%clk 0:01:20]} 35. c6 {[%clk 0:01:27]}  a4 {[%clk 0:01:21]} 36. c7 {[%clk 0:01:27]}  a3 {[%clk 0:01:22]} 37. c8=Q {[%clk 0:01:27]}  a2 {[%clk 0:01:23]} 38. Qxc3+ {[%clk 0:01:27]}  Kh7 {[%clk 0:01:22]} 39. Rxf7+ {[%clk 0:01:27]}  Kg8 {[%clk 0:01:21]} 40. Qg7# {[%clk 0:01:27]} 1-0